00470 2200181 4500001002100000005001500021008004100036020001800077035001900095041000700114082000800121090001400129100002700143245003300170260004700203300001800250650002000268INLIS00000000001508520241224114852241224||||||||| | ||| |||| || |  a979-33-0482-0 0010-1224015085 aid0 a500 a500 MAR b0 aAbdullah Muzi Marpaung00aBAGAIMANA TERJADINYA PELANG? aSolobTiga Serangkai Pustaka Mandiric2007 a24hlm;25X18cm 0aIlmu-ilmu Murni